000 01841nam a2200205Ia 4500
008 220216s9999 xx 000 0 und d
100 _aKudaligama K V V S
_cet al
245 0 _aTemperature corrected ready-reckoner chart for determination of dry rubber content in Hevea latex using the metrolac
260 _bJournal of the Rubber Research Institute of Sri Lanka
_c2014
300 _a8-Jan
500 _aSource Year: 2014
520 _aRubber latex is collected by periodic excision of a thin shaving of the bark of Hevea tree. In addition to the volume, its value is determined by the dry rubber content (DRC) of latex. Dry rubber content of latex varies usually in the range of 20-45;and depends on several factors such as clone, season, climate and weather condition, stimulation programme, tapping system, soil condition etc. Hydrometry (using the Metrolac) is the most widely used method in the determination of DRC in the Sri Lankan rubber industry. Metrolac measurements are highly vulnerable to temperature of the latex/water mixture. Existing ready-reconer for Metrolac readings is valid only at 29 degree C, hence the present study was aimed at developing a Metrolac ready-reconer chart corrected for temperature variation in latex. Under natural and adjusted conditions, the new ready-reconer chart showed an accuracy level of 84;on average in the estimation of dry rubber content whilst the average accuracy by the existing chart was below 50;. The Metrolac estimated DRC differed in the range of -12.69;to 9.25;from the actual under existing ready reckoner whilst that was limited to -7.56;to 5.31;with the use of new ready-reckoner chart.
650 _aDRC
650 _aDry rubber content
650 _aHydrometer
650 _aReady-reckner
650 _aRubber latex
650 _aTapping metrolac
942 _cJS
999 _c70363
_d70363